Oživenie ekosystémov - vec verejná

Vláda schválila dokument, ktorý informuje o riešení kalamity z 19. novembra 2004 a odstraňovaní jej následkov. Obsahuje komplexnú analýzu dopadov kalamity a zároveň konkrétne opatrenia v oblasti legislatívy, finančného krytia a inštitucionálneho zabezpečenia prijatých návrhov. Finančná pomoc. Dopady...

Ausführliche Beschreibung

Gespeichert in:
Bibliographische Detailangaben
Format: Buchkapitel
Sprache:Slowakisch
Schlagworte:
Tags: Tag hinzufügen
Keine Tags, Fügen Sie das erste Tag hinzu!

MARC

LEADER 00000naa$a2200000$$$4500
001 0024484
005 20231016084059.8
041 0 |a slo 
044 |a SK 
245 1 0 |a Oživenie ekosystémov - vec verejná 
520 |a Vláda schválila dokument, ktorý informuje o riešení kalamity z 19. novembra 2004 a odstraňovaní jej následkov. Obsahuje komplexnú analýzu dopadov kalamity a zároveň konkrétne opatrenia v oblasti legislatívy, finančného krytia a inštitucionálneho zabezpečenia prijatých návrhov. Finančná pomoc. Dopady na našom území. Letecké snímkovanie. Úlohy pre rezorty. 
610 2 0 |a pohromy živelné 
610 2 0 |a lesy 
610 2 0 |a škody 
610 2 0 |a legislatíva 
610 2 0 |a financovanie 
610 2 0 |a inštitúcie verejnoprávne 
610 2 0 |a TANAP